[Event "GCT 2021 Saint Louis - Rapid"]
[Site "Saint Louis"]
[Date "12.08.2021"]
[Round "6R"]
[White "Xiong, Jeffery"]
[Black "Svidler, Peter"]
[Result "1/2-1/2"]
[WhiteTitle ""]
[BlackTitle ""]
[WhiteElo "2710"]
[BlackElo "2714"]
[WhiteFideId "2047640"]
[BlackFideId "4102142"]
[EventDate "2021.08.13"]

1. d4 d5 2. Nf3 Nf6 3. Bf4 e6 4. e3 Bd6 5. Nbd2 O-O 6. Bd3 b6 7. Qe2 Bb7 8. c3
c5 9. Ne5 Nc6 10. Ndf3 Qc7 11. Nxc6 Bxc6 12. Bxd6 Qxd6 13. Ne5 Rab8 14. a4 Nd7
15. f4 f5 16. g4 Nxe5 17. fxe5 Qe7 18. gxf5 exf5 19. Qg2 Qh4+ 20. Qg3 Qxg3+ 21.
hxg3 g6 22. Bb5 Rbc8 23. Ke2 Kg7 24. Kf3 h5 25. Kf4 a5 26. Be2 Kh6 27. Kf3 Kg5
28. Kf2 Bd7 29. Bf3 Be6 30. Rac1 Rc7 31. Rhg1 Kh6 32. Rcd1 cxd4 33. Rxd4 Rc5 34.
Rgd1 Re8 35. Bxd5 Bxd5 36. Rxd5 Rxe5 37. Rd6 b5 38. Rb6 bxa4 39. Rdd6 Rb5 40.
Rxg6+ Kh7 41. Kf3 Rxb2 42. Ra6 Rb7 43. Kf4 Rbe7 44. Rh6+ Kg7 45. Rhg6+ Kh7 46.
Rh6+ Kg7 47. Rhg6+ Kh7 1/2-1/2

[Event "GCT 2021 Saint Louis - Rapid"]
[Site "Saint Louis"]
[Date "13.08.2021"]
[Round "7R"]
[White "Mamedyarov, Shakhriyar"]
[Black "So, Wesley"]
[Result "1/2-1/2"]
[WhiteElo "2782"]
[BlackElo "2772"]
[EventDate "2021.08.09"]

1. d4 Nf6 2. c4 e6 3. Nf3 d5 4. Nc3 dxc4 5. e4 Bb4 6. Bg5 h6 7. Bxf6 Qxf6
8. Bxc4 c5 9. e5 Qd8 10. O-O cxd4 11. Ne4 O-O 12. Qe2 Be7 13. Rfd1 Qa5 14.
a3 Rd8 15. b4 Qb6 16. Ng3 Bd7 17. Rxd4 Bc6 18. Rg4 Bxf3 19. Qxf3 Nc6 20.
Nh5 g5 21. Nf6+ Kg7 22. Qf4 Rh8 23. h4 Rad8 24. hxg5 h5 25. Rh4 Rd4 26. Qh2
Rxh4 27. Qxh4 Qd4 28. Qxd4 Nxd4 29. Rd1 Rd8 30. Kf1 h4 31. f4 a5 32. bxa5
Bxa3 33. Rb1 Rc8 34. Bd3 Rc1+ 35. Kf2 Rxb1 36. Bxb1 Nc6 37. Kf3 Nxa5 38.
Kg4 b5 39. Kxh4 b4 40. Ne8+ Kf8 41. Nd6 b3 42. g6 fxg6 43. Kg5 Bxd6 44.
exd6 Nc4 45. d7 Ke7 46. Kxg6 Ne3 47. g3 b2 48. Kh5 Kxd7 49. g4 Ke7 50. Kg5
Kf7 51. f5 exf5 52. gxf5 Nxf5 53. Bxf5 b1=Q 54. Bxb1 1/2-1/2

[Event "GCT 2021 Saint Louis - Rapid"]
[Site "Saint Louis"]
[Date "13.08.2021"]
[Round "7R"]
[White "Caruana, Fabiano"]
[Black "Rapport, Richard"]
[Result "0-1"]
[WhiteElo "2806"]
[BlackElo "2763"]
[EventDate "2021.08.09"]

1. e4 c5 2. Nf3 e6 3. d4 cxd4 4. Nxd4 Nf6 5. Nc3 Nc6 6. Be2 Qc7 7. Ndb5 Qb8
8. f4 d6 9. Be3 Be7 10. g4 Nd7 11. h4 O-O 12. g5 a6 13. Nd4 Nxd4 14. Qxd4
b5 15. a3 Bb7 16. O-O-O Nc5 17. f5 e5 18. Qd2 Nxe4 19. Nxe4 Bxe4 20. f6 Bd8
21. fxg7 Re8 22. Rhf1 Bb6 23. h5 Rc8 24. Bd3 Bxd3 25. Qxd3 Bxe3+ 26. Qxe3
Qc7 27. Qf2 e4 28. c3 Qe7 29. Qf6 Re8 30. Rxd6 e3 31. Re1 e2 32. h6 Qe3+
33. Rd2 Re6 34. Rexe2 Qxe2 35. Rxe2 Rxe2 36. Qc6 Ree8 37. Kc2 Rec8 38. Qf3
Ra7 39. Kb3 Re7 40. a4 Re6 41. axb5 axb5 42. Qb7 Ree8 43. Kb4 Rb8 44. Qf3
Re6 45. b3 Rg6 46. Qf5 Re6 47. Qd5 Rg6 48. Qe5 Rgb6 49. Ka5 b4 50. cxb4
Rxb4 51. Qd5 Rxb3 52. g6 Ra3+ 0-1

[Event "GCT 2021 Saint Louis - Rapid"]
[Site "Saint Louis"]
[Date "13.08.2021"]
[Round "7R"]
[White "Svidler, Peter"]
[Black "Shankland, Sam"]
[Result "1/2-1/2"]
[WhiteElo "2714"]
[BlackElo "2709"]
[EventDate "2021.08.09"]

1. e4 c5 2. Nf3 d6 3. Bb5+ Bd7 4. c4 Nf6 5. Nc3 g6 6. O-O Bg7 7. d4 cxd4 8.
Nxd4 O-O 9. h3 a6 10. Bxd7 Nbxd7 11. Qe2 Rc8 12. Be3 Ne5 13. b3 b5 14. f4
Ned7 15. Rfd1 bxc4 16. bxc4 e5 17. fxe5 Nxe5 18. c5 Qa5 19. Rac1 dxc5 20.
Nb3 Qb4 21. Qxa6 c4 22. Nd4 Nd3 23. Nc6 Qd6 24. Qxc4 Rxc6 25. Qxd3 Qxd3 26.
Rxd3 Rfc8 27. Ne2 Rxc1+ 28. Nxc1 Nxe4 29. a4 Ra8 30. Nb3 Bc3 31. Nc5 Nxc5
32. Bxc5 Ba5 33. Rd7 Rc8 34. Be3 Rc4 35. Rd4 Rc8 36. Rd5 Ra8 37. Rd7 Re8
38. Kf2 Re4 39. Rd4 Re5 40. Kf3 h5 41. Rc4 Re8 42. Bd4 Ra8 43. Ke4 Kf8 44.
Kd5 Bd8 45. Kc6 Rc8+ 46. Kb5 Rb8+ 47. Ka6 Ke8 48. Bc3 Rb6+ 49. Ka7 Rb3 50.
a5 Rxc3 51. Rxc3 Bxa5 52. Rc6 Kd7 53. Kb7 Bb4 54. Kb6 Bd6 55. Kb5 h4 56.
Ra6 Ke6 57. Kc6 g5 58. Ra2 f6 59. Re2+ Be5 60. Rf2 Bd4 61. Re2+ Be5 62. Rf2
Bd4 63. Re2+ Be5 1/2-1/2

[Event "GCT 2021 Saint Louis - Rapid"]
[Site "Saint Louis"]
[Date "13.08.2021"]
[Round "7R"]
[White "Le, Quang Liem"]
[Black "Xiong, Jeffery"]
[Result "0-1"]
[WhiteElo "2709"]
[BlackElo "2710"]
[EventDate "2021.08.09"]

1. e4 c6 2. d4 d5 3. e5 Bf5 4. Nd2 e6 5. Nb3 Nd7 6. Be3 Qc7 7. Nf3 f6 8.
Bd3 Bg4 9. exf6 Ngxf6 10. h3 Bxf3 11. Qxf3 Bd6 12. c4 Bb4+ 13. Kf1 O-O 14.
Qe2 Rae8 15. g3 e5 16. dxe5 Nxe5 17. Kg2 c5 18. Bg5 Qc6 19. Bxf6 Nxd3 20.
Qxd3 dxc4+ 0-1

[Event "GCT 2021 Saint Louis - Rapid"]
[Site "Saint Louis"]
[Date "13.08.2021"]
[Round "8R"]
[White "Shankland, Sam"]
[Black "Le, Quang Liem"]
[Result "1-0"]
[WhiteElo "2709"]
[BlackElo "2709"]
[EventDate "2021.08.09"]

1. c4 e6 2. g3 d5 3. Bg2 Nf6 4. Nf3 dxc4 5. Qa4+ c6 6. Qxc4 b5 7. Qc2 Bb7
8. O-O Nbd7 9. Nc3 Rc8 10. b3 Be7 11. Bb2 a6 12. Ne4 c5 13. Nxf6+ Bxf6 14.
a4 Bxb2 15. Qxb2 O-O 16. axb5 axb5 17. b4 Qf6 18. Qxf6 Nxf6 19. bxc5 Rxc5
20. Rfb1 h6 21. d4 Rc7 22. Rxb5 Rfc8 23. h3 Be4 24. Rb2 Rc2 25. Rxc2 Rxc2
26. e3 Rb2 27. Rd1 Nd5 28. Rd2 Rb1+ 29. Kh2 Nc3 30. Ne5 f6 31. Nd3 Bxd3 32.
Rxd3 Rc1 33. Rd2 Kf7 34. Bf3 f5 35. Rb2 Kf6 36. Rb6 Rc2 37. Kg2 Rd2 38. g4
g6 39. h4 f4 40. Rc6 Nd1 41. g5+ hxg5 42. hxg5+ Kxg5 43. Bxd1 Rxd1 44. Rxe6
Kf5 45. Re5+ Kg4 46. Re6 f3+ 47. Kh2 g5 48. Re4+ Kf5 49. Re5+ Kg4 50. d5
Rf1 51. Re4+ Kf5 52. Rd4 Rxf2+ 53. Kg3 Ra2 54. Kxf3 Ra7 55. Re4 Rd7 56. Re8
g4+ 57. Kg3 Rh7 58. e4+ Kg5 59. Re5+ Kf6 60. Rf5+ Ke7 61. Kxg4 Kd6 62. Rf6+
1-0

[Event "GCT 2021 Saint Louis - Rapid"]
[Site "Saint Louis"]
[Date "13.08.2021"]
[Round "8R"]
[White "Dominguez, Leiner"]
[Black "Svidler, Peter"]
[Result "0-1"]
[WhiteElo "2758"]
[BlackElo "2714"]
[EventDate "2021.08.09"]

1. e4 e5 2. Nf3 Nc6 3. Bc4 Bc5 4. c3 Nf6 5. d3 d6 6. O-O h6 7. b4 Bb6 8.
Nbd2 O-O 9. Re1 Ne7 10. Bb3 Ng6 11. a4 c6 12. a5 Bc7 13. d4 Re8 14. dxe5
Nxe5 15. Nxe5 Rxe5 16. Bb2 Re8 17. c4 Be6 18. h3 d5 19. cxd5 cxd5 20. e5
Ne4 21. Nxe4 dxe4 22. Bxe6 Rxe6 23. Rxe4 b6 24. Bc3 bxa5 25. bxa5 Qxd1+ 26.
Rxd1 Rc6 27. Re3 Rb8 28. f4 Rb5 29. f5 Rb3 30. Rdd3 Kf8 31. e6 Rb1+ 32. Kf2
fxe6 33. fxe6 Ke8 34. Bxg7 Bxa5 35. Re2 Bb6+ 36. Kg3 h5 37. Rf3 Rb4 38.
Rf8+ Ke7 39. Rf7+ Ke8 40. Rf8+ Ke7 41. Rf7+ Ke8 42. e7 Bc7+ 43. Kf2 Bb6+
44. Kf3 Rb3+ 45. Kf4 Be3+ 46. Rxe3 Rc4+ 47. Bd4 Rxd4+ 48. Ke5 Rxe3+ 49.
Kxd4 Kxf7 50. Kxe3 h4 51. Kd4 Kxe7 52. Kc5 Kf6 53. Kb5 Ke5 54. Ka6 Kf4 55.
Kxa7 Kg3 56. Kb6 Kxg2 57. Kc5 Kxh3 0-1

[Event "GCT 2021 Saint Louis - Rapid"]
[Site "Saint Louis"]
[Date "13.08.2021"]
[Round "8R"]
[White "Rapport, Richard"]
[Black "Xiong, Jeffery"]
[Result "1-0"]
[WhiteElo "2763"]
[BlackElo "2710"]
[EventDate "2021.08.09"]

1. Nf3 d5 2. g3 g6 3. Bg2 Bg7 4. O-O e5 5. d3 Nc6 6. Nc3 Nge7 7. e4 d4 8.
Ne2 h6 9. c3 dxc3 10. bxc3 b6 11. Qc2 O-O 12. Rd1 Ba6 13. d4 exd4 14. cxd4
Nb4 15. Qd2 c5 16. Bb2 cxd4 17. Nexd4 Nd3 18. Ba3 Bxd4 19. Nxd4 Qxd4 20.
Bxe7 Rfe8 21. e5 Rxe7 22. Bxa8 Rxe5 23. Re1 Rf5 24. Re8+ Kh7 25. Rf1 Qf6
26. Be4 Ne5 27. Rd1 Bb5 28. Rc8 Bd3 29. Bg2 Ba6 30. Rc7 Nd3 31. Rf1 Ne5 32.
Rd1 Nd3 33. Qc3 Qe6 34. Qb3 Qe8 35. Bc6 Qe2 36. Rxf7+ Kh8 37. Qc3+ Re5 38.
Ba4 Kg8 39. Bb3 1-0

[Event "GCT 2021 Saint Louis - Rapid"]
[Site "Saint Louis"]
[Date "13.08.2021"]
[Round "8R"]
[White "Caruana, Fabiano"]
[Black "Mamedyarov, Shakhriyar"]
[Result "1-0"]
[WhiteElo "2806"]
[BlackElo "2782"]
[EventDate "2021.08.09"]

1. e4 e5 2. Nf3 Nc6 3. Bb5 a6 4. Ba4 Nf6 5. O-O Nxe4 6. d4 b5 7. Bb3 d5 8.
dxe5 Be6 9. Be3 Be7 10. c3 Qd7 11. Nbd2 Nxd2 12. Qxd2 Na5 13. Nd4 c5 14.
Nxe6 fxe6 15. Bc2 Nc4 16. Qe2 Nxe5 17. Rae1 O-O 18. Qh5 Ng6 19. Bd2 Rf7 20.
f4 Nf8 21. f5 e5 22. Rxe5 Bf6 23. Re2 Re8 24. Rxe8 Qxe8 25. Re1 Qd8 26. Qf3
d4 27. Be4 Kh8 28. c4 Re7 29. Bd3 Rxe1+ 30. Bxe1 Nd7 31. Bg3 Nb6 32. b3
bxc4 33. bxc4 h6 34. Qc6 Qe7 35. Qe6 Na4 36. Qxe7 Bxe7 37. Kf2 Kg8 38. Kf3
Kf7 39. Bc2 Nc3 40. a3 a5 41. Bc7 a4 42. g4 Bg5 43. Bb6 Be7 44. h4 Ke8 45.
g5 hxg5 46. hxg5 Bxg5 47. Bxc5 Bf6 48. Kg4 Kd7 49. Kh5 Kc7 50. Kg6 Ne2 51.
Kf7 Nf4 52. Bf8 d3 53. Bxa4 Nh5 54. c5 Bb2 55. Bd1 1-0

[Event "GCT 2021 Saint Louis - Rapid"]
[Site "Saint Louis"]
[Date "13.08.2021"]
[Round "9R"]
[White "Svidler, Petereter"]
[Black "So, Wesley"]
[Result "1/2-1/2"]
[WhiteElo "2714"]
[BlackElo "2772"]
[EventDate "2021.08.09"]

1. e4 e5 2. Nf3 Nc6 3. Bb5 Nf6 4. O-O Nxe4 5. Re1 Nd6 6. Nxe5 Be7 7. Bf1
Nxe5 8. Rxe5 O-O 9. d4 Bf6 10. Re1 Re8 11. Bf4 Rxe1 12. Qxe1 Ne8 13. c3 d5
14. Bd3 g6 15. Nd2 Ng7 16. Nf3 Bf5 17. Bxf5 Nxf5 18. Qe2 c6 19. Re1 Ng7 20.
Be5 Bxe5 21. Nxe5 Qd6 22. Qf3 f6 23. Nd3 Re8 24. Rxe8+ Nxe8 25. Qg4 Qe7 26.
Kf1 Nd6 27. Qe2 Qxe2+ 28. Kxe2 h5 29. Nf4 Kf7 30. Kd3 h4 31. g3 g5 32. Ne2
Kg6 33. f3 hxg3 34. hxg3 g4 35. Nf4+ Kf5 36. Ke2 Nc4 37. Nd3 a5 38. b3
gxf3+ 39. Kxf3 Nd2+ 40. Ke3 Ne4 41. c4 Nc3 42. cxd5 cxd5 43. Nf4 Nxa2 44.
Nxd5 Ke6 45. Nf4+ Kd6 46. Kd2 Nb4 47. g4 Nd5 48. Nh5 b5 49. Ng3 a4 50. bxa4
bxa4 51. Kd3 a3 52. Kc2 Ne3+ 53. Kb3 Nxg4 54. Ne4+ Kd5 55. Nxf6+ Nxf6 56.
Kxa3 1/2-1/2

[Event "GCT 2021 Saint Louis - Rapid"]
[Site "Saint Louis"]
[Date "13.08.2021"]
[Round "9R"]
[White "Le, Quang Liem"]
[Black "Dominguez, Leiner"]
[Result "1/2-1/2"]
[WhiteElo "2709"]
[BlackElo "2758"]
[EventDate "2021.08.09"]

1. d4 d5 2. c4 dxc4 3. e4 e5 4. Nf3 Bb4+ 5. Nc3 exd4 6. Nxd4 Nd7 7. Bxc4
Ngf6 8. O-O O-O 9. Bg5 Ne5 10. Be2 c6 11. Kh1 h6 12. Bxf6 Qxf6 13. f4 Ng4
14. Bxg4 Bxg4 15. Qxg4 Qxd4 16. Rad1 Qc4 17. e5 Bxc3 18. bxc3 Rad8 19. h3
Qxc3 20. Rb1 Qc4 21. Rfc1 Qe6 22. Rxb7 Qxg4 23. hxg4 Rd4 24. g3 Rd2 25. e6
Rxa2 26. Rxc6 fxe6 27. Rcc7 Rd8 28. Rxg7+ Kf8 29. Rgf7+ Kg8 30. Rg7+ Kf8
31. Rgd7 Rxd7 32. Rxd7 e5 33. fxe5 Re2 34. Rd5 Kf7 35. Ra5 Kg6 36. Kg1 Kg5
37. Kf1 Re4 38. Rxa7 Kxg4 39. Kf2 Rxe5 40. Ra4+ Kg5 41. Kg2 h5 42. Kh3 Rd5
43. Rb4 Re5 44. Ra4 Rd5 45. Rb4 Re5 46. Ra4 1/2-1/2

[Event "GCT 2021 Saint Louis - Rapid"]
[Site "Saint Louis"]
[Date "13.08.2021"]
[Round "9R"]
[White "Xiong, Jeffery"]
[Black "Shankland, Sam"]
[Result "1-0"]
[WhiteElo "2710"]
[BlackElo "2709"]
[EventDate "2021.08.09"]

1. c4 Nf6 2. Nf3 e6 3. b3 d5 4. Bb2 Bd6 5. g3 O-O 6. Bg2 b6 7. O-O Bb7 8.
Nc3 Nbd7 9. Rc1 a6 10. cxd5 exd5 11. e3 Re8 12. Ne2 g6 13. Qc2 c5 14. d4
Rc8 15. dxc5 bxc5 16. Rfd1 Qe7 17. Nf4 Nb6 18. Qd3 d4 19. b4 Na4 20. Ba1
Be4 21. Qd2 Bxf4 22. exf4 Nc3 23. Rxc3 dxc3 24. Qxc3 Rc6 25. Ne5 Rd6 26.
Rxd6 Qxd6 27. Ng4 Qd1+ 28. Bf1 Qxg4 29. Qxf6 Kf8 30. Qd6+ Kg8 31. Qf6 Kf8
32. Qg7+ Ke7 33. Bf6+ Ke6 34. Be5 Kd7 35. Qxf7+ Re7 36. Qc4 Rxe5 37. fxe5
Qf3 38. Bh3+ Kd8 39. Qg8+ Kc7 40. Qc8+ Kb6 41. Qxc5+ Kb7 42. Qe7+ Kb8 43.
Qd6+ Ka7 44. Qd7+ Kb8 45. Qc8+ Ka7 46. Qc5+ Ka8 47. Qc8+ Ka7 48. Qd7+ Kb8
49. Qd6+ Ka7 50. Qd4+ Ka8 51. Qxe4+ 1-0

[Event "GCT 2021 Saint Louis - Rapid"]
[Site "Saint Louis"]
[Date "13.08.2021"]
[Round "9R"]
[White "Mamedyarov, Shakhriyar"]
[Black "Rapport, Richard"]
[Result "1/2-1/2"]
[WhiteElo "2782"]
[BlackElo "2763"]
[EventDate "2021.08.09"]

1. Nf3 Nf6 2. c4 b6 3. g3 Bb7 4. Bg2 e6 5. O-O Be7 6. d4 O-O 7. d5 exd5 8.
Nh4 c6 9. cxd5 Nxd5 10. Nf5 Nc7 11. e4 d5 12. Re1 Bf6 13. e5 Be7 14. Qg4 g6
15. Bh6 Re8 16. Nd2 Bf8 17. Bxf8 Rxf8 18. Nh6+ Kg7 19. Nf5+ Kg8 20. Nh6+
Kg7 21. Nf5+ Kg8 1/2-1/2

[Event "GCT 2021 Saint Louis - Blitz"]
[Site "Saint Louis"]
[Date "14.08.2021"]
[Round "1B"]
[White "Svidler, Peter"]
[Black "Caruana, Fabiano"]
[Result "1-0"]
[WhiteTitle ""]
[BlackTitle ""]
[WhiteElo "2714"]
[BlackElo "2806"]
[WhiteFideId "4102142"]
[BlackFideId "2020009"]
[EventDate "2021.08.14"]

1. e4 e5 2. Nf3 Nc6 3. Bc4 Nf6 4. d3 h6 5. c3 Bc5 6. O-O d6 7. b4 Bb6 8. Nbd2
O-O 9. Re1 Ne7 10. Bb3 Ng6 11. a4 c6 12. a5 Bc7 13. d4 Re8 14. dxe5 Nxe5 15.
Nxe5 Rxe5 16. Bb2 d5 17. c4 Bg4 18. f3 Be6 19. cxd5 cxd5 20. f4 Bg4 21. Qc2 Re8
22. e5 Nh5 23. Rf1 g6 24. Qd3 Ng7 25. Bxd5 Be6 26. Ne4 Nh5 27. Rad1 Qh4 28. Bxe6
Rxe6 29. g3 Qe7 30. f5 gxf5 31. Nc5 Rg6 32. Rxf5 Ng7 33. Rf6 Rd8 34. Qf3 Rxd1+
35. Qxd1 Bxe5 36. Rxg6 Bxb2 37. Rd6 Nf5 38. Rd7 Qe5 39. Qg4+ Kf8 40. Qf4 Bd4+
41. Kf1 Ne3+ 42. Ke2 Qh5+ 43. g4 Nxg4 44. Rd8+ Ke7 45. Qd6# 1-0

[Event "GCT 2021 Saint Louis - Blitz"]
[Site "Saint Louis"]
[Date "14.08.2021"]
[Round "1B"]
[White "Dominguez Perez, Leinier"]
[Black "So, Wesley"]
[Result "1/2-1/2"]
[WhiteTitle ""]
[BlackTitle ""]
[WhiteElo "2758"]
[BlackElo "2772"]
[WhiteFideId "3503240"]
[BlackFideId "5202213"]
[EventDate "2021.08.14"]

1. e4 e5 2. Nf3 Nc6 3. Bc4 Nf6 4. d3 Bc5 5. c3 d6 6. O-O h6 7. b4 Bb6 8. Nbd2
O-O 9. Re1 Ne7 10. Bb3 c6 11. a4 Ng6 12. a5 Bc7 13. d4 Re8 14. dxe5 dxe5 15. Qc2
Nh7 16. Bc4 Qf6 17. g3 Bh3 18. Be2 Nf4 19. Bf1 Bxf1 20. Nxf1 Ne6 21. Kg2 Rad8
22. h4 Qg6 23. Kh1 Nf6 24. N1h2 Rd7 25. Bb2 Red8 26. c4 Ng4 27. Nxg4 Qxg4 28.
Ra3 g5 29. Bc1 Kh7 30. Nh2 Qh5 31. g4 Qxh4 32. Kg2 Nf4+ 33. Bxf4 gxf4 34. Rh3
Qg5 35. Nf3 Qxg4+ 36. Kh2 f6 37. Rg1 Qe6 38. Qe2 Rg8 39. Rxg8 Qxg8 40. Nh4 Rg7
41. Qf3 Qxc4 42. Nf5 Rg6 43. Ne7 Rg5 44. Nf5 Rg6 45. Ne7 Rg5 46. Nf5 Rg6 47. Ne7 1/2-1/2

[Event "GCT 2021 Saint Louis - Blitz"]
[Site "Saint Louis"]
[Date "14.08.2021"]
[Round "1B"]
[White "Mamedyarov, Shakhriyar"]
[Black "Shankland, Sam"]
[Result "1-0"]
[WhiteTitle ""]
[BlackTitle ""]
[WhiteElo "2782"]
[BlackElo "2709"]
[WhiteFideId "13401319"]
[BlackFideId "2004887"]
[EventDate "2021.08.14"]

1. d4 Nf6 2. c4 e6 3. Nf3 d5 4. Nc3 c6 5. e3 Nbd7 6. Bd3 dxc4 7. Bxc4 b5 8. Bd3
Bd6 9. O-O O-O 10. a3 Bb7 11. Qc2 Rc8 12. b4 a5 13. Rb1 c5 14. Nxb5 cxb4 15. Qe2
Be7 16. e4 bxa3 17. Bxa3 Bxa3 18. Nxa3 Ba8 19. Nb5 Rb8 20. Rfd1 Qe7 21. h3 g6
22. Qe1 a4 23. Rdc1 Rfc8 24. Nd2 Nb6 25. Rxc8+ Rxc8 26. e5 Nfd5 27. Nd6 Rb8 28.
N2e4 Qa7 29. Nb5 Qe7 30. Bf1 Bc6 31. Nbd6 Qa7 32. Qc1 Be8 33. Ra1 Kg7 34. h4 Nd7
35. Bb5 Qxd4 36. Rxa4 Qxe5 37. Nxe8+ Rxe8 38. Bxd7 Rd8 39. Bc6 Rc8 40. Ng3 Nb6
41. Ra2 Nd5 42. Rc2 Nb4 43. Rc4 Nd3 44. Qd2 Qa1+ 45. Nf1 Ne5 46. Rc1 Qa7 47. Be4
Rxc1 48. Qxc1 Qd4 49. Qe3 Qa1 50. Bf3 h5 51. Be2 Nd7 52. g3 Nf6 53. Bf3 Nd7 54.
Kg2 Ne5 55. Nd2 Qb2 56. Be2 Nd7 57. Nc4 Qa1 58. Bf3 Kg8 59. Qd2 Nf6 60. Qd8+ Kg7
61. Nd6 Qa7 62. Qc8 Qe7 63. Qc5 Kf8 64. Qe5 Kg8 65. Bc6 Ng4 66. Qd4 Qc7 67. Bf3
Nh6 68. Ne8 e5 69. Nxc7 exd4 70. Be4 1-0

[Event "GCT 2021 Saint Louis - Blitz"]
[Site "Saint Louis"]
[Date "14.08.2021"]
[Round "1B"]
[White "Le, Quang Liem"]
[Black "Xiong, Jeffery"]
[Result "1-0"]
[WhiteTitle ""]
[BlackTitle ""]
[WhiteElo "2709"]
[BlackElo "2710"]
[WhiteFideId "12401137"]
[BlackFideId "2047640"]
[EventDate "2021.08.14"]

1. e4 e6 2. d4 d5 3. Nc3 Bb4 4. exd5 exd5 5. Bd3 Nf6 6. Ne2 O-O 7. O-O c6 8. Bg5
Bg4 9. f3 Bh5 10. a3 Bd6 11. Qd2 Nbd7 12. Rae1 Bg6 13. Bf4 Nb6 14. g4 Re8 15.
Bxd6 Qxd6 16. Ng3 Bxd3 17. Qxd3 Nc4 18. Nd1 Qf4 19. Kg2 h5 20. h3 Nd2 21. Rxe8+
Rxe8 22. Rf2 Nc4 23. Re2 hxg4 24. hxg4 g6 25. a4 Nb6 26. b3 Nbd7 27. Rxe8+ Nxe8
28. Qe3 Qxe3 29. Nxe3 Nd6 30. Kf2 Kf8 31. Ke2 Ke7 32. Kd3 Nf8 33. c4 Ne6 34. Ne2
dxc4+ 35. bxc4 c5 36. d5 Ng5 37. Ng1 f5 38. f4 Ngf7 39. g5 Ne4 40. Nf3 Nf2+ 41.
Ke2 Ne4 42. Nh4 Nc3+ 43. Kd3 Nxa4 44. Nxg6+ Ke8 45. Nxf5 a5 46. Ne5 Nb6 47. g6 1-0

[Event "GCT 2021 Saint Louis - Blitz"]
[Site "Saint Louis"]
[Date "14.08.2021"]
[Round "1B"]
[White "Rapport, Richard"]
[Black "Nakamura, Hikaru"]
[Result "1/2-1/2"]
[WhiteTitle ""]
[BlackTitle ""]
[WhiteElo "2763"]
[BlackElo "2736"]
[WhiteFideId "738590"]
[BlackFideId "2016192"]
[EventDate "2021.08.14"]

1. d4 Nf6 2. c4 e6 3. Nc3 Bb4 4. Qc2 O-O 5. a3 Bxc3+ 6. Qxc3 d5 7. Bg5 dxc4 8.
Qxc4 b6 9. Rd1 Ba6 10. Qa4 h6 11. Bh4 Qe7 12. Nf3 Rd8 13. e3 Bxf1 14. Rxf1 c5
15. dxc5 Rxd1+ 16. Qxd1 g5 17. Bg3 Qxc5 18. Qd8+ Kg7 19. Be5 Qc1+ 20. Ke2 Qc4+
21. Ke1 Qc1+ 22. Ke2 Qc4+ 1/2-1/2

[Event "GCT 2021 Saint Louis - Blitz"]
[Site "Saint Louis"]
[Date "14.08.2021"]
[Round "2B"]
[White "Xiong, Jeffery"]
[Black "Rapport, Richard"]
[Result "1-0"]
[WhiteTitle ""]
[BlackTitle ""]
[WhiteElo "2710"]
[BlackElo "2763"]
[WhiteFideId "2047640"]
[BlackFideId "738590"]
[EventDate "2021.08.14"]

1. d4 Nf6 2. Nf3 b6 3. Bg5 Bb7 4. Nbd2 e6 5. g3 Be7 6. Bg2 O-O 7. O-O h6 8. Bxf6
Bxf6 9. c3 d6 10. a4 a5 11. e4 Nd7 12. Re1 e5 13. d5 g6 14. b4 Bg7 15. Bh3 Qe7
16. Nb3 Nf6 17. bxa5 bxa5 18. Rb1 c6 19. c4 cxd5 20. cxd5 Bc8 21. Bxc8 Rfxc8 22.
Qd3 Qd7 23. Qb5 Qxb5 24. axb5 a4 25. b6 Rcb8 26. Nbd2 a3 27. Nc4 Ra4 28. Nfd2
Nd7 29. Rb3 Nc5 30. Rb5 Bf8 31. Ra1 a2 32. Rb2 Nd7 33. Raxa2 Rxa2 34. Rxa2 Nxb6
35. Rb2 Nxc4 36. Nxc4 Ra8 37. Rb6 Ra4 38. Rc6 Kg7 39. Kg2 Rb4 40. Kf3 Rb3+ 41.
Ke2 Rb4 42. Kd3 Rb3+ 43. Kd2 Rb4 44. f3 f5 45. Kc3 Ra4 46. exf5 gxf5 47. Nxd6
Ra3+ 48. Kc4 Rxf3 49. Rc7+ Kg6 50. Nf7 Bg7 51. d6 e4 52. d7 Rc3+ 53. Kd5 Rxc7
54. Ne5+ Bxe5 55. d8=Q Rf7 56. Kxe5 e3 57. Qg8+ Rg7 58. Qe6+ Kh5 59. Kf4 Rg4+
60. Kf3 Rg5 61. Qf7+ Rg6 62. Qxf5+ Rg5 63. Qf7+ 1-0

[Event "GCT 2021 Saint Louis - Blitz"]
[Site "Saint Louis"]
[Date "14.08.2021"]
[Round "2B"]
[White "Shankland, Sam"]
[Black "Le, Quang Liem"]
[Result "0-1"]
[WhiteTitle ""]
[BlackTitle ""]
[WhiteElo "2709"]
[BlackElo "2709"]
[WhiteFideId "2004887"]
[BlackFideId "12401137"]
[EventDate "2021.08.14"]

1. e4 e5 2. Nf3 Nc6 3. d4 exd4 4. Nxd4 Nf6 5. Nxc6 bxc6 6. Bd3 d5 7. exd5 cxd5
8. O-O Be7 9. c4 O-O 10. Nc3 d4 11. Ne4 Bb7 12. Nxf6+ Bxf6 13. Bf4 Re8 14. Qh5
Be4 15. Rad1 Qd7 16. b3 h6 17. h3 c6 18. Bg3 Bxd3 19. Rxd3 Re4 20. b4 Rae8 21.
b5 Re1 22. Rxe1 Rxe1+ 23. Kh2 Rc1 24. bxc6 Qxc6 25. Rb3 Qe6 26. c5 Kh7 27. Bf4
Rc2 28. Qf3 Rxc5 29. Rb7 Rc3 30. Qd1 Be5 31. Bxe5 Qxe5+ 32. g3 Qd5 33. Rb2 d3
34. Rd2 Qe4 35. Kg1 a5 36. a4 g6 37. h4 h5 38. Qf1 Qc4 39. Kh2 Qd4 40. Qd1 Qe4
41. Kg1 Qc6 42. Qf1 Rc1 43. Rd1 d2 0-1

[Event "GCT 2021 Saint Louis - Blitz"]
[Site "Saint Louis"]
[Date "14.08.2021"]
[Round "2B"]
[White "So, Wesley"]
[Black "Mamedyarov, Shakhriyar"]
[Result "1-0"]
[WhiteTitle ""]
[BlackTitle ""]
[WhiteElo "2772"]
[BlackElo "2782"]
[WhiteFideId "5202213"]
[BlackFideId "13401319"]
[EventDate "2021.08.14"]

1. e4 e5 2. Nf3 Nc6 3. Bc4 Bc5 4. c3 Nf6 5. d4 exd4 6. e5 d5 7. Bb5 Ne4 8. cxd4
Bb6 9. Nc3 O-O 10. Be3 Bd7 11. Bd3 Ba5 12. Rc1 f6 13. Qb3 Nxc3 14. bxc3 fxe5 15.
Qxd5+ Kh8 16. Nxe5 Bf5 17. Qxd8 Raxd8 18. Nxc6 bxc6 19. Bxf5 Rxf5 20. Ke2 Kg8
21. c4 c5 22. dxc5 Re8 23. Rhd1 Rxc5 24. Rd5 Bb6 25. Kd3 Rc6 26. c5 Ba5 27. Rc4
Rf6 28. Rd7 Be1 29. f3 Rf7 30. Rxf7 Kxf7 31. Ra4 a5 32. Rf4+ Kg6 33. Rg4+ Kf7
34. Rd4 Bb4 35. Rd7+ Re7 36. Rxe7+ Kxe7 37. Bd4 g6 38. Bc3 Bxc5 39. Bxa5 Kd6 40.
Kc4 Bg1 41. h3 h5 42. Bc3 Kc6 43. Bd4 Bh2 44. a4 Bd6 45. Bc3 Bg3 46. Bd2 h4 47.
Bg5 Kb6 48. Kd5 Ka5 49. Ke6 Kxa4 50. Kf7 c5 51. Kxg6 c4 52. f4 c3 53. f5 c2 1-0

[Event "GCT 2021 Saint Louis - Blitz"]
[Site "Saint Louis"]
[Date "14.08.2021"]
[Round "2B"]
[White "Svidler, Peter"]
[Black "Dominguez Perez, Leinier"]
[Result "1/2-1/2"]
[WhiteTitle ""]
[BlackTitle ""]
[WhiteElo "2714"]
[BlackElo "2758"]
[WhiteFideId "4102142"]
[BlackFideId "3503240"]
[EventDate "2021.08.14"]

1. e4 e5 2. Nf3 Nc6 3. Bb5 a6 4. Ba4 Nf6 5. O-O Nxe4 6. d4 b5 7. Bb3 d5 8. dxe5
Be6 9. Be3 Be7 10. c3 O-O 11. Nbd2 Bg4 12. Re1 Nxe5 13. Nxe4 Bxf3 14. Qxd5 Qxd5
15. Bxd5 Rad8 16. Bb7 Bxe4 17. Bxe4 Nc4 18. a4 Nxe3 19. Rxe3 Bc5 20. Re2 b4 21.
cxb4 Bxb4 22. g3 a5 23. Rc1 Rd7 24. Bc6 Re7 25. Rxe7 Bxe7 26. Bb5 Bd6 27. Re1 g6
28. Re8 Rxe8 29. Bxe8 Kg7 30. Bb5 Kg8 31. b3 Kg7 32. Bc4 Kf8 33. Bb5 Kg7 34. Bc4
Kf8 35. Bb5 Kg7 1/2-1/2

[Event "GCT 2021 Saint Louis - Blitz"]
[Site "Saint Louis"]
[Date "14.08.2021"]
[Round "3B"]
[White "Mamedyarov, Shakhriyar"]
[Black "Svidler, Peter"]
[Result "1-0"]
[WhiteTitle ""]
[BlackTitle ""]
[WhiteElo "2782"]
[BlackElo "2714"]
[WhiteFideId "13401319"]
[BlackFideId "4102142"]
[EventDate "2021.08.14"]

1. d4 Nf6 2. Nf3 g6 3. Bg5 Bg7 4. Nbd2 c5 5. Bxf6 Bxf6 6. Ne4 Qb6 7. Nxf6+ Qxf6
8. c3 cxd4 9. cxd4 Nc6 10. e3 O-O 11. Rc1 d6 12. Bb5 Bd7 13. O-O Rfc8 14. a3 Bg4
15. Be2 e5 16. dxe5 dxe5 17. h3 Bf5 18. Qb3 e4 19. Nd2 Qe7 20. Rc3 Rd8 21. Qc2
h5 22. Bb5 Rac8 23. Bxc6 Rxc6 24. Rxc6 bxc6 25. Rc1 h4 26. Nb3 Bxh3 27. gxh3
Qg5+ 28. Kf1 Qf5 29. Ke1 c5 30. Nxc5 Rc8 31. b4 Qxh3 32. Qxe4 1-0